| 000 | 00806nam a2200205 a 4500 | ||
|---|---|---|---|
| 005 | 20251024063923.0 | ||
| 008 | 991125s1973 mx 000 0 spa u | ||
| 035 | _aUPN01000007922 | ||
| 049 | _aLTG | ||
| 050 | 4 |
_aLB1585 _bM6.3 1973 |
|
| 245 | 0 | 0 |
_aCiencias naturales : _btercer grado / _cMaría Antonia Candela ... [et al.]. |
| 260 |
_aMéxico : _bSEP, Comisión Nacional de los Libros de Texto Gratuitos, _c1973. |
||
| 300 |
_a142 p. : _bil. col. |
||
| 501 | _aCon: Ciencias naturales : tercer grado auxiliar didáctico / María Antonia Candela ... [et al.] | ||
| 500 | _aLibro de texto gratuito | ||
| 650 | 4 |
_aCiencias naturales _xEstudio y enseñanza (Elemental) _92812 |
|
| 700 | 1 |
_aCandela, Antonia _ecoaut. _932625 |
|
| 740 | 0 | _aCiencias naturales : tercer grado auxiliar didáctico | |
| 905 | _aLibro | ||
| 999 |
_c7922 _d7922 |
||